Name The Words Impossible - Click Type - Statistics

General Stats
  • This quiz has been taken 25 times
  • The average score is 14 of 28
Answer Stats
Hint Answer % Correct
The fear of the number 666, also known as the unlucky number hexakosioihexekontahexakontaphobia
71%
A word from 1964 Disney film Mary Poppins meaning extraordinary or very good supercalifragilisticexpialidocious
71%
The fear of long words, a long word itself for people with the fear to conquer it hippopotomonstrosesquippedaliophobia
64%
Excision of both the thyroid and parathyroid glands thyroparathyroidectomy
64%
To keep an established church from disestablishmentarians antidisestablishmentarianism
57%
A neurodiagnostic test that measures electrical activity from the brain electroencephalography
57%
The state of being able to achieve honors or honorableness honorificabilitudinitatibus
57%
Things that are unreadable or unintelligible incomprehensibilities
57%
The name of a village in Anglesey, Wales to attract tourists with the long name llanfairpwllgwyngyllgogerychwyrndrobwllllantysiliogogogoch
57%
A dish in Aristophanes' fictional comedy Assemblywomen, and the dish containing many ingredients in ancient Greek language lopadotemachoselachogaleokranioleipsanodrimhypotrimmatosilphiokarabomelitokatakechymenokichlepikossyphophattoperisteraletryonoptekephalliokigklopeleiolagoiosiraiobaphetraganopterygon
57%
A disease caused by inhaling sand or silica, and getting into the lungs pneumonoultramicroscopicsilicovolcanoconiosis
57%
The study of the complex, interconnected relationships between psychological factors, the nervous system, the endocrine system, and the immune system psychoneuroendocrinological
57%
A law of the German state of Mecklenburg-Vorpommern in 1999, translating to "beef labelling monitoring task transfer act"
and involved supervision of labelling beef products after an outbreak of mad cow disease happened
rindfleischetikettierungsuberwachungsaufgabenubertragungsgesetz
57%
A type of electromagnetic spectroscopy that analyzes fluorescence from a sample spectrophotofluorometry
57%
A colorless, tasteless, and almost odorless crystalline chemical compound/ organochloride banned in the U.S.A. for cancer and birth defect risks dichlorodiphenyltrichloroethane
50%
A rare genetic disorder that affects the body's ability to respond to parathyroid hormone pseudopseudohypoparathyroidism
50%
The medical term for a "brain freeze" which happens when the roof of the mouth cools rapidly, triggering the trigeminal nerve sphenopalatineganglioneuralgia
50%
A word fabricated by Dr. Edward Strother, describing the spa bath waters in England aequeosalinocalcalinoceraceoaluminosocuprevitriolic
43%
A word made by James Joyce in his novel, "Finnegans Wake" representing the fall of Adam and Eve, with the word being made with many different languages bababadalgharaghtakamminarronnkonnbronntonnerronntuonnthunntrovarrhounawnskawntoohoohoordenenthurnuk
43%
The name of a lake in Webster, Massachusetts chargoggagoggmanchauggagoggchaubunagungamaugg
43%
A word made by James Joyce in his novel, "Finnegans Wake" representing a door being shut and the word being made with many different languages lukkedoerendunandurraskewdylooshoofermoyportertooryzooysphalnabortansporthaokansakroidverjkapakkapuk
43%
Term for the use of long words sesquipedalianism
43%
A colorless, non-flammable gas once used as a refrigerant, aerosol propellant, and solvent dichlorodifluoromethane
36%
A term meaning "very good" eellogofusciouhipoppokunurious
36%
The action of believing something is worthless floccinaucinihilipilification
36%
A word made by James Joyce in his novel, "Ulysses" to mock the German practice of creating long word, descriptive compound words nationalgymnasiummuseumsanatoriumandsuspensoriumsordinaryprivatdocent
29%
Typically a chronic toxicosis that results in hepatic failure pyrrolizidinealkaloidosis
29%
A white, strong smelling substance that is toxic to humans paradichlorobenzenes
14%
No matching quizzes found
Score Distribution
Percent of People with Each Score
Percentile by Number Answered
Your Score History
You have not taken this quiz